000 00604cam a22002171 4500
999 _c4410
_d4410
001 9253050
003 OSt
005 20181205163920.0
008 00026401910 nyu 000 0 eng d
010 _a10008987
040 _aIHT
_cIHT
_dm/c
_dOCL
_dATH
082 _a232.96
_bS613C
090 _aSEM WW 10 Si58c
100 1 _aSimpson, A. B.
_q(Albert B.)
245 1 4 _aThe cross of Christ /
_cA.B. Simpson.
260 _aHarrisburg;
_bChristian Publications, Inc.
_cc1969
300 _a142 p. ;
_c19 cm.
600 0 0 _aJesus Christ
_xCrucifixion.
600 0 0 _aJesus Christ
_xResurrection.
942 _2ddc
_cBK